000 00850nam1a22002891 4500
001 v19\rc\1720922
005 20061002171949.1
035 _a(NLR Aleph) 004844013
090 _a4852261
_c4852261
100 _a20061002g19011905|||y0rusy50 ca
101 0 _arus
102 _aRU
105 _ay z |||a|
200 1 _aРассказы
_eВып. [1]-3
_fА.П. А-нъ
210 _aКазань
_cтипо-лит. Имп. ун-та
_d1901-1905
215 _a3 т.
_d23
700 1 _6z01790
_aАришин
_bА. П.
_gАндрей Поликарпович
790 1 _6z01700
_aА-нъ
_bА. П.
801 0 _aRU
_bNLR
_gpsbo
801 0 _aRU
_bRuMoRGB
_2psbo
801 1 _aRU
_bProSoft-M
_2rusmarc
852 _aNLR
_j18.139.4.240
852 _aNLR
_j+Шифры разные
899 _aRuMoRGB
_jF 84/640
899 _aБАН
942 _cBOOK
980 _aNB